The Japan of today

This new edition of Japan Today has been rewritten to take account of Japan's changing fortunes in the 1982s. It describes the recent setbacks in the country's economic and financial sectors and examines the major shifts in the political sphere. Despite the current challenges to Japan'...

Descripció completa

Guardat en:
Dades bibliogràfiques
Format: Llibre
Idioma:Undetermined
Publicat: Tokyo, Japan Public Information and Cultural Affairs Bureau 1982
Matèries:
Etiquetes: Afegir etiqueta
Sense etiquetes, Sigues el primer a etiquetar aquest registre!
Thư viện lưu trữ: Trung tâm Học liệu Trường Đại học Cần Thơ
LEADER 00907nam a2200193Ia 4500
001 CTU_112231
008 210402s9999 xx 000 0 und d
082 |a 952.04 
082 |b J36/1982 
245 4 |a The Japan of today 
260 |a Tokyo, Japan 
260 |b Public Information and Cultural Affairs Bureau 
260 |c 1982 
520 |a This new edition of Japan Today has been rewritten to take account of Japan's changing fortunes in the 1982s. It describes the recent setbacks in the country's economic and financial sectors and examines the major shifts in the political sphere. Despite the current challenges to Japan's prosperity, this is a remarkable story of postwar resurgence, material progress and social stability. 
650 |a Japan,Japan 
650 |x History,Socioeconomic conditions 
650 |y 1945- 
904 |i Minh 
980 |a Trung tâm Học liệu Trường Đại học Cần Thơ